[Event "FIDE World Blitz-ch Women 2018"]
[Site "St. Petersburg"]
[Date "2018.12.29"]
[Round "8.61"]
[White "Geller, Anastasiya"]
[Black "Loskutova, Viktoriya"]
[Result "1-0"]
[WhiteElo "2187"]
[BlackElo "2105"]
[Annotator "NA"]
[PlyCount "141"]
[EventDate "2018.12.19"]
[EventType "swiss"]
[EventCountry "RUS"]
[SourceTitle "playchess.com"]
[Source "ChessBase"]
[SourceQuality "1"]

1. Nf3 d5 2. g3 c6 3. Bg2 Bg4 4. c4 e6 5. Ne5 Bh5 6. cxd5 exd5 7. d3 Nd7 8. Nf3 Ngf6 9. O-O Be7 10. Nc3 O-O 11. Qc2 Re8 12. Re1 a5 13. b3 Bb4 14. a3 Bf8 15. Bb2 Nc5 16. b4 Ne6 17. e3 axb4 18. axb4 Bxb4 19. Rxa8 Qxa8 20. Ra1 Qb8 21. Qb3 Bf8 22. Ne2 Nd7 23. h3 Bg6 24. d4 Be4 25. Nc3 Bg6 26. Nh4 Nf6 27. Ba3 Bxa3 28. Rxa3 Ng5 29. Nxg6 hxg6 30. Qb6 Qc8 31. Rb3 Nxh3+ 32. Kf1 Re7 33. Na4 Ng5 34. Nc5 Qg4 35. Rb1 Nge4 36. Nxe4 dxe4 37. Qd8+ Re8 38. Qc7 Qc8 39. Rxb7 Qe6 40. Rb1 Ra8 41. Rb8+ Rxb8 42. Qxb8+ Kh7 43. Qb4 Qd7 44. Qb1 Qd5 45. Qc2 Qb5+ 46. Kg1 Qd3 47. Qxc6 Qd1+ 48. Bf1 Qf3 49. Bg2 Qd1+ 50. Bf1 Qf3 51. Qc2 Ng4 52. Bg2 Qf5 53. Bxe4 Qh5 54. Bg2 Qh2+ 55. Kf1 Qh5 56. Qa2 Qb5+ 57. Kg1 Qf5 58. Qe2 Nf6 59. e4 Qa5 60. d5 Qc5 61. Qe1 Qd6 62. e5 Qc5 63. exf6 gxf6 64. Qd1 Qd6 65. Qd4 Kg7 66. Qc4 Kf8 67. Qc6 Qe5 68. d6 Qe1+ 69. Bf1 Qe6 70. Qc7 Qd5 71. d7 1-0

[Event "FIDE World Blitz-ch Women 2018"]
[Site "St. Petersburg"]
[Date "2018.12.29"]
[Round "9.1"]
[White "Khademalsharieh, Sarasadat"]
[Black "Lagno, Kateryna"]
[Result "1/2-1/2"]
[WhiteElo "2470"]
[BlackElo "2560"]
[Annotator "ChessBase"]
[PlyCount "96"]
[EventDate "2018.12.19"]
[EventType "swiss"]
[EventCountry "RUS"]
[SourceTitle "playchess.com"]
[Source "ChessBase"]
[SourceQuality "1"]

1. d4 d6 2. Nf3 Nf6 3. g3 g6 4. Bg2 Bg7 5. c4 O-O 6. O-O Nc6 7. Nc3 e5 8. dxe5 dxe5 9. Qxd8 Rxd8 10. Bg5 Be6 11. Nd2 h6 12. Bxf6 Rxd2 13. Bxg7 Kxg7 14. b3 Rad8 15. e3 Rc2 16. Nb5 Rdd2 17. Nxc7 Bf5 18. Rad1 Rxa2 19. Rxd2 Rxd2 20. Ra1 Rb2 21. Ne8+ Kf8 22. Nd6 Bd3 23. Nxb7 Nb4 24. Nc5 Bc2 25. Nd7+ Kg7 26. Nxe5 Bxb3 27. h4 a6 28. c5 Rc2 29. c6 Kf6 30. Nd7+ Ke7 31. Nb8 g5 32. Rb1 Rc3 33. c7 a5 34. Rxb3 Rxc7 35. hxg5 hxg5 36. Ra3 Rc1+ 37. Kh2 Rc5 38. f4 gxf4 39. exf4 Kd6 40. Bh3 f5 41. g4 fxg4 42. Bxg4 Nd5 43. Kg3 Rc3+ 44. Rxc3 Nxc3 45. Bf3 a4 46. Na6 a3 47. Nb4 a2 48. Nxa2 Nxa2 1/2-1/2

[Event "FIDE World Blitz-ch Women 2018"]
[Site "St. Petersburg"]
[Date "2018.12.29"]
[Round "9.2"]
[White "Ju, Wenjun"]
[Black "Galliamova, Alisa"]
[Result "1-0"]
[WhiteElo "2575"]
[BlackElo "2444"]
[Annotator "ChessBase"]
[PlyCount "53"]
[EventDate "2018.12.19"]
[EventType "swiss"]
[EventCountry "RUS"]
[SourceTitle "playchess.com"]
[Source "ChessBase"]
[SourceQuality "1"]

1. d4 d5 2. c4 dxc4 3. Nf3 b5 4. e3 Nf6 5. a4 b4 6. Bxc4 e6 7. O-O Be7 8. b3 O-O 9. Bb2 Bb7 10. Nbd2 c5 11. Qe2 Nbd7 12. Rfd1 a5 13. Rac1 Qb6 14. Bd3 Rac8 15. Nc4 Qa7 16. h3 Rfd8 17. Nfe5 Nxe5 18. dxe5 Nd5 19. Qg4 g6 20. h4 h5 21. Qg3 Kh7 22. Nd6 Bxd6 23. exd6 Qb6 24. Qe5 Nc3 25. Rxc3 bxc3 26. Bxc3 f6 27. Qxh5+ 1-0

[Event "FIDE World Blitz-ch Women 2018"]
[Site "St. Petersburg"]
[Date "2018.12.29"]
[Round "9.3"]
[White "Lei, Tingjie"]
[Black "Koneru, Humpy"]
[Result "1-0"]
[WhiteElo "2453"]
[BlackElo "2541"]
[Annotator "ChessBase"]
[PlyCount "81"]
[EventDate "2018.12.19"]
[EventType "swiss"]
[EventCountry "RUS"]
[SourceTitle "playchess.com"]
[Source "ChessBase"]
[SourceQuality "1"]

1. e4 c5 2. Nf3 e6 3. d4 cxd4 4. Nxd4 a6 5. Bd3 Bc5 6. Nb3 Be7 7. O-O d6 8. Qg4 g6 9. c4 Nf6 10. Qe2 O-O 11. Nc3 Nc6 12. f4 b6 13. Be3 Bb7 14. Rac1 Rc8 15. Rfd1 Nd7 16. Nd2 Bf6 17. Nf3 Bg7 18. a3 Ba8 19. b4 Nf6 20. Kh1 Nd7 21. Qf2 Rb8 22. b5 axb5 23. Nxb5 Qe7 24. Bb1 Nf6 25. Bxb6 Nh5 26. Bc7 Nxf4 27. Bxd6 Qb7 28. Bxf4 e5 29. Be3 f5 30. Bc5 Rf6 31. exf5 gxf5 32. Rd6 Na5 33. Rxf6 Bxf6 34. Bxf5 Nb3 35. Rf1 e4 36. Be6+ Kh8 37. Nfd4 Be5 38. Nxb3 e3 39. Bxe3 Re8 40. Bd4 Rxe6 41. Qf8# 1-0

[Event "FIDE World Blitz-ch Women 2018"]
[Site "St. Petersburg"]
[Date "2018.12.29"]
[Round "9.4"]
[White "Bodnaruk, Anastasia"]
[Black "Tan, Zhongyi"]
[Result "0-1"]
[WhiteElo "2420"]
[BlackElo "2508"]
[Annotator "ChessBase"]
[PlyCount "124"]
[EventDate "2018.12.19"]
[EventType "swiss"]
[EventCountry "RUS"]
[SourceTitle "playchess.com"]
[Source "ChessBase"]
[SourceQuality "1"]

1. e4 d6 2. d4 Nf6 3. Nc3 g6 4. Be3 a6 5. f3 b5 6. Qd2 Bb7 7. Bd3 Nbd7 8. a4 c6 9. Nge2 Bg7 10. Bh6 O-O 11. h4 e5 12. h5 Qe7 13. hxg6 fxg6 14. dxe5 Nxe5 15. O-O-O b4 16. Nb1 c5 17. Bxg7 Kxg7 18. c4 bxc3 19. Nbxc3 Bc6 20. Bb1 Rab8 21. Qxd6 Qb7 22. Qd2 Nc4 23. Qc2 Ne3 24. Qd2 Nxd1 25. Nxd1 Rfd8 26. Qh6+ Kh8 27. Nec3 Qg7 28. Qg5 Nd7 29. Ne3 Ne5 30. Ned5 Bxd5 31. exd5 Rd6 32. a5 Nc4 33. Qf4 Qd4 34. Qxd4+ cxd4 35. Ne4 Rd7 36. Ba2 Nxa5 37. d6 Rc8+ 38. Kd2 Rb7 39. Be6 Rxb2+ 40. Kd3 Rd8 41. Ng5 Kg7 42. Rxh7+ Kf6 43. f4 Rb7 44. Rh1 Rxd6 45. Bg8 Rd8 46. Ne4+ Kg7 47. Ba2 Rh8 48. Rc1 Re7 49. Ng5 Nb7 50. Ne6+ Kf6 51. Rc6 Kf5 52. Nxd4+ Kxf4 53. Rxg6 Nc5+ 54. Kc4 Ne4 55. Nc6 Rc7 56. Kd5 Rh5+ 57. Kd4 Rd7+ 58. Kc4 Rc5+ 59. Kb3 Rb7+ 60. Nb4 a5 61. Bb1 Rxb4+ 62. Ka3 Rxb1 0-1

[Event "FIDE World Blitz-ch Women 2018"]
[Site "St. Petersburg"]
[Date "2018.12.29"]
[Round "9.5"]
[White "Harika, Dronavalli"]
[Black "Guichard, Pauline"]
[Result "1/2-1/2"]
[WhiteElo "2494"]
[BlackElo "2378"]
[Annotator "ChessBase"]
[PlyCount "121"]
[EventDate "2018.12.19"]
[EventType "swiss"]
[EventCountry "RUS"]
[SourceTitle "playchess.com"]
[Source "ChessBase"]
[SourceQuality "1"]

1. d3 Nf6 2. g3 g6 3. Bg2 Bg7 4. c4 O-O 5. Nc3 d6 6. e4 c5 7. Nge2 Nc6 8. O-O a6 9. h3 Rb8 10. a4 Ne8 11. Be3 Nc7 12. d4 cxd4 13. Nxd4 Ne6 14. Nde2 Bd7 15. f4 Qa5 16. Rc1 Rfd8 17. Kh2 Nb4 18. Nd5 Nxd5 19. cxd5 Nc5 20. Bxc5 dxc5 21. b3 Rbc8 22. e5 b5 23. Nc3 c4 24. axb5 axb5 25. bxc4 Rxc4 26. Ne4 Bc6 27. Rxc4 bxc4 28. d6 Qa8 29. Qe2 exd6 30. Nxd6 c3 31. Rc1 Bf8 32. Bxc6 Qxc6 33. Ne4 Bb4 34. Rc2 Rd4 35. Nf2 Qd5 36. h4 Rd2 37. Rxd2 cxd2 38. Nd1 Bc5 39. Qf1 h5 40. Qe2 Qd4 41. Qf1 Kg7 42. Kg2 Qe4+ 43. Qf3 Qe1 44. Qf1 Bd4 45. Qf3 Qg1+ 46. Kh3 Bc5 47. Nb2 Qc1 48. Nd1 Qc4 49. Kg2 Qd4 50. Kh3 Qg1 51. Nb2 Bd4 52. Nd1 Kh7 53. f5 Kg7 54. fxg6 fxg6 55. Qf6+ Kh7 56. Qf7+ Kh8 57. Qe8+ Kg7 58. Qe7+ Kg8 59. Qe8+ Kg7 60. Qe7+ Kg8 61. Qe8+ 1/2-1/2

[Event "FIDE World Blitz-ch Women 2018"]
[Site "St. Petersburg"]
[Date "2018.12.29"]
[Round "9.6"]
[White "Gunina, Valentina"]
[Black "Cramling, Pia"]
[Result "1/2-1/2"]
[WhiteElo "2496"]
[BlackElo "2465"]
[Annotator "ChessBase"]
[PlyCount "138"]
[EventDate "2018.12.19"]
[EventType "swiss"]
[EventCountry "RUS"]
[SourceTitle "playchess.com"]
[Source "ChessBase"]
[SourceQuality "1"]

1. d4 Nf6 2. c4 e6 3. Nf3 d5 4. g3 dxc4 5. Bg2 c5 6. O-O Nc6 7. dxc5 Qxd1 8. Rxd1 Bxc5 9. Nbd2 c3 10. bxc3 O-O 11. Nb3 Be7 12. c4 Bd7 13. Bb2 Rfd8 14. Nfd4 Rac8 15. Nb5 Be8 16. Rxd8 Rxd8 17. Rc1 a6 18. N5d4 Rc8 19. e3 h5 20. Kf1 Ng4 21. Ke2 Nge5 22. c5 Nxd4+ 23. exd4 Nc6 24. d5 exd5 25. Bxd5 Rd8 26. Bf3 h4 27. Rc4 hxg3 28. hxg3 Bd7 29. Rc1 Be6 30. Bxc6 bxc6 31. Na5 Bd5 32. Be5 Rc8 33. a3 f6 34. Bf4 Re8 35. Kd3 g5 36. Bd6 Kf7 37. Nb7 Bf8 38. Bxf8 Kxf8 39. Nd6 Rb8 40. Re1 Rb3+ 41. Kd4 Rxa3 42. Re8+ Kg7 43. Re7+ Kf8 44. Ra7 Rf3 45. Rxa6 Rxf2 46. Ra7 Rf3 47. Rb7 Kg8 48. Ne8 Kf8 49. Nd6 Kg8 50. Ne8 Kf8 51. Nd6 Kg8 52. Nc8 Rxg3 53. Ne7+ Kf8 54. Nxd5 Rg4+ 55. Kd3 cxd5 56. c6 Rc4 57. c7 Ke8 58. Rb6 Rxc7 59. Rxf6 Rg7 60. Kd4 Ke7 61. Rf5 Ke6 62. Re5+ Kf6 63. Rxd5 g4 64. Ke3 g3 65. Rd1 Kf5 66. Kf3 g2 67. Rg1 Rg8 68. Rxg2 Rxg2 69. Kxg2 Ke5 1/2-1/2

[Event "FIDE World Blitz-ch Women 2018"]
[Site "St. Petersburg"]
[Date "2018.12.29"]
[Round "9.7"]
[White "Zhao, Xue"]
[Black "Arabidze, Meri"]
[Result "0-1"]
[WhiteElo "2485"]
[BlackElo "2387"]
[Annotator "ChessBase"]
[PlyCount "65"]
[EventDate "2018.12.19"]
[EventType "swiss"]
[EventCountry "RUS"]
[SourceTitle "playchess.com"]
[Source "ChessBase"]
[SourceQuality "1"]

1. d4 d5 2. Bf4 Nf6 3. e3 g6 4. h4 h5 5. Nf3 Bg4 6. Be2 Nbd7 7. Nbd2 Bg7 8. Ng5 Bxe2 9. Qxe2 c5 10. c3 Qb6 11. Ndf3 Ng4 12. Bg3 O-O 13. Rd1 Rad8 14. O-O e5 15. dxe5 Ndxe5 16. Nxe5 Nxe5 17. Nh3 Ng4 18. Nf4 d4 19. exd4 cxd4 20. c4 Rfe8 21. Qc2 Qc6 22. Rc1 Be5 23. Rfd1 Qd6 24. Qd2 b6 25. b4 Rc8 26. a3 Kh7 27. Re1 Qf6 28. Nd5 Qf5 29. Bxe5 Rxe5 30. Qxd4 Rxe1+ 31. Rxe1 Rxc4 32. Nf6+ Qxf6 33. Qxc4 0-1

[Event "FIDE World Blitz-ch Women 2018"]
[Site "St. Petersburg"]
[Date "2018.12.29"]
[Round "9.8"]
[White "Stefanova, Antoaneta"]
[Black "Garifullina, Leya"]
[Result "0-1"]
[WhiteElo "2486"]
[BlackElo "2132"]
[Annotator "ChessBase"]
[PlyCount "80"]
[EventDate "2018.12.19"]
[EventType "swiss"]
[EventCountry "RUS"]
[SourceTitle "playchess.com"]
[Source "ChessBase"]
[SourceQuality "1"]

1. d4 Nf6 2. Nf3 e6 3. e3 d5 4. Bd3 c5 5. b3 Nc6 6. Bb2 Bd6 7. O-O O-O 8. Nbd2 b6 9. a3 Bb7 10. Qe2 Rc8 11. Ne5 Ne7 12. c4 cxd4 13. exd4 Ng6 14. f4 Re8 15. Rac1 Rc7 16. b4 dxc4 17. Ndxc4 Bf8 18. b5 Rc8 19. a4 Nd5 20. Nxg6 hxg6 21. Be4 Rc7 22. g3 Qb8 23. Ne5 Rec8 24. Rxc7 Rxc7 25. Rf3 Qa8 26. Nc6 Bxc6 27. bxc6 Qxc6 28. a5 Qc4 29. Bd3 Qb4 30. axb6 axb6 31. h4 Nf6 32. Rf1 Qd6 33. g4 Nd5 34. Qf2 Ra7 35. h5 gxh5 36. gxh5 Ra2 37. Bb1 Ra7 38. Qg3 Qb4 39. Qf2 Qb3 40. Bc2 Qe3 0-1

[Event "FIDE World Blitz-ch Women 2018"]
[Site "St. Petersburg"]
[Date "2018.12.29"]
[Round "9.9"]
[White "Ushenina, Anna"]
[Black "Gaponenko, Inna"]
[Result "1-0"]
[WhiteElo "2440"]
[BlackElo "2420"]
[Annotator "NA"]
[PlyCount "100"]
[EventDate "2018.12.19"]
[EventType "swiss"]
[EventCountry "RUS"]
[SourceTitle "playchess.com"]
[Source "ChessBase"]
[SourceQuality "1"]

1. d4 d6 2. Nf3 g6 3. e4 Bg7 4. Bb5+ Nd7 5. Bg5 h6 6. Be3 Ngf6 7. Nfd2 O-O 8. O-O c5 9. c3 b6 10. a4 Bb7 11. f3 Rc8 12. Na3 Qc7 13. Qe2 e6 14. Bd3 Qb8 15. a5 bxa5 16. Ra2 Nb6 17. dxc5 dxc5 18. Nac4 a4 19. Nxb6 axb6 20. Rxa4 Nd7 21. Rfa1 Qc7 22. Bb5 Ra8 23. Nc4 Rxa4 24. Rxa4 Bc6 25. Bxc6 Qxc6 26. Ra7 Ra8 27. Rxa8+ Qxa8 28. Qd2 Qa4 29. Nd6 Ne5 30. h3 h5 31. Bf4 Kf8 32. Nc8 Qd7 33. Nxb6 Qxd2 34. Bxd2 Ke7 35. b3 Kd8 36. Kf2 Kc7 37. Na4 Kc6 38. Nb2 Kb5 39. Ke2 c4 40. f4 Nd7 41. Nxc4 Nc5 42. Nd6+ Kc6 43. e5 f6 44. Ne8 Bf8 45. b4 Nd7 46. Nxf6 Nb6 47. Kd3 Na4 48. Be3 Nb2+ 49. Ke4 Nd1 50. Bd2 Nb2 1-0

[Event "FIDE World Blitz-ch Women 2018"]
[Site "St. Petersburg"]
[Date "2018.12.29"]
[Round "9.10"]
[White "Buksa, Nataliya"]
[Black "Mamedjarova, Zeinab"]
[Result "0-1"]
[WhiteElo "2410"]
[BlackElo "2338"]
[Annotator "NA"]
[PlyCount "82"]
[EventDate "2018.12.19"]
[EventType "swiss"]
[EventCountry "RUS"]
[SourceTitle "playchess.com"]
[Source "ChessBase"]
[SourceQuality "1"]

1. d4 d5 2. Nc3 e6 3. Bf4 Nf6 4. e3 Be7 5. Nf3 O-O 6. Bd3 b6 7. O-O Bb7 8. Nb5 Na6 9. a4 c6 10. Nc3 c5 11. dxc5 Nxc5 12. Re1 Rc8 13. Bf1 Nfe4 14. Nb5 a6 15. Nbd4 Bd6 16. b4 Bxf4 17. exf4 Nc3 18. Qc1 N5xa4 19. Qe3 b5 20. Ng5 Qe7 21. Bd3 h6 22. Qh3 Ne4 23. Nxe4 dxe4 24. Bxe4 Bxe4 25. Rxe4 Qxb4 26. Rae1 Nc3 27. Nc6 Qc5 28. R4e3 Rxc6 29. f5 exf5 30. Qh4 Ne4 31. Qf4 Qxc2 32. Qxf5 Nf6 33. Qf3 b4 34. R3e2 Qc3 35. Re3 Qc5 36. Re5 Qxe5 37. Rf1 Rc3 38. Qb7 Qc5 39. h3 Rc1 40. Qxa6 Rxf1+ 41. Kxf1 Ne4 0-1

[Event "FIDE World Blitz-ch Women 2018"]
[Site "St. Petersburg"]
[Date "2018.12.29"]
[Round "9.11"]
[White "Drozdova, Dina"]
[Black "Abdumalik, Zhansaya"]
[Result "0-1"]
[WhiteElo "2178"]
[BlackElo "2470"]
[Annotator "ChessBase"]
[PlyCount "82"]
[EventDate "2018.12.19"]
[EventType "swiss"]
[EventCountry "RUS"]
[SourceTitle "playchess.com"]
[Source "ChessBase"]
[SourceQuality "1"]

1. d4 Nf6 2. c4 d6 3. Nf3 g6 4. Nc3 Bf5 5. Bg5 Bg7 6. Rc1 h6 7. Bxf6 Bxf6 8. e4 Bc8 9. e5 Bg7 10. exd6 exd6 11. Bd3 O-O 12. O-O Nc6 13. d5 Ne7 14. h3 Bd7 15. Qd2 c6 16. dxc6 bxc6 17. b3 Qc7 18. Rfd1 Be6 19. Bf1 Rad8 20. Nd4 Bc8 21. g3 a6 22. Bg2 Bb7 23. Nce2 c5 24. Nc2 d5 25. cxd5 Nxd5 26. Qe1 Rfe8 27. Bxd5 Bxd5 28. Ne3 Ba8 29. Kh2 Rxd1 30. Rxd1 Qc6 31. Qf1 g5 32. Rd2 Qg6 33. Rd1 f5 34. Nc4 Qc6 35. Nc1 f4 36. Nd3 Qf3 37. g4 Bd4 38. Rd2 Bc3 39. Rd1 Re2 40. Nd6 Bd4 41. Nf5 Bxf2 0-1

[Event "FIDE World Blitz-ch Women 2018"]
[Site "St. Petersburg"]
[Date "2018.12.29"]
[Round "9.13"]
[White "Mammadzada, Gunay"]
[Black "Goryachkina, Aleksandra"]
[Result "0-1"]
[WhiteElo "2422"]
[BlackElo "2518"]
[Annotator "ChessBase"]
[PlyCount "92"]
[EventDate "2018.12.19"]
[EventType "swiss"]
[EventCountry "RUS"]
[SourceTitle "playchess.com"]
[Source "ChessBase"]
[SourceQuality "1"]

1. e4 c6 2. d4 d5 3. Nc3 dxe4 4. Nxe4 Nf6 5. Nxf6+ exf6 6. c3 Bd6 7. Bd3 O-O 8. Qc2 h6 9. Ne2 Nd7 10. O-O Re8 11. Ng3 Nf8 12. Bd2 Qc7 13. c4 c5 14. dxc5 Bxc5 15. Ne4 Bd4 16. Bc3 Ne6 17. Rfe1 Bd7 18. Bxd4 Nxd4 19. Qc3 Nc6 20. c5 Ne5 21. Nd6 Rf8 22. Rac1 b6 23. Bf1 Be6 24. f4 Nd7 25. b4 bxc5 26. bxc5 Bxa2 27. Qd2 Nxc5 28. Nb5 Qb6 29. Qf2 Ne6 30. f5 Ng5 31. h4 Nh7 32. Qxb6 axb6 33. Re7 Rfc8 34. Ra1 Bb3 35. Rae1 Nf8 36. Nd6 Rd8 37. Nb5 Rac8 38. Rb7 Rc6 39. Kh2 Bc4 40. Bxc4 Rxc4 41. g3 Rc5 42. Rxb6 Rxf5 43. Nd6 Rd5 44. Ne4 Re5 45. Rbb1 Rde8 46. Rb4 f5 0-1

[Event "FIDE World Blitz-ch Women 2018"]
[Site "St. Petersburg"]
[Date "2018.12.29"]
[Round "9.14"]
[White "Muzychuk, Mariya"]
[Black "Bivol, Alina"]
[Result "0-1"]
[WhiteElo "2540"]
[BlackElo "2393"]
[Annotator "ChessBase"]
[PlyCount "96"]
[EventDate "2018.12.19"]
[EventType "swiss"]
[EventCountry "RUS"]
[SourceTitle "playchess.com"]
[Source "ChessBase"]
[SourceQuality "1"]

1. e4 e6 2. d4 d5 3. Nc3 Bb4 4. e5 c5 5. a3 Bxc3+ 6. bxc3 Qa5 7. Bd2 Qa4 8. Qb1 c4 9. h4 Nc6 10. Nh3 Bd7 11. Be2 O-O-O 12. h5 h6 13. f4 Nge7 14. Bf3 Rdg8 15. Kf2 g6 16. Qd1 gxh5 17. Bxh5 Rg7 18. g4 Qa5 19. Qe2 Qa4 20. Be3 Qa5 21. Qd2 Ng8 22. Ke2 f6 23. Qe1 Nce7 24. Kd2 f5 25. g5 Qd8 26. Qf2 Be8 27. Bxe8 Qxe8 28. Rag1 Rgh7 29. Qg2 Ng6 30. gxh6 Rxh6 31. Ng5 Nh4 32. Qf2 Ng6 33. Rxh6 Nxh6 34. Qg2 Ng4 35. Rh1 Kd7 36. Rh3 Rxh3 37. Qxh3 Qh8 38. Qxh8 Nxh8 39. Ke2 Ng6 40. Nf7 Nh4 41. Bf2 Ng2 42. Kf3 Nxf2 43. Kxg2 Nd1 44. Kf3 Nxc3 45. Ke3 a5 46. Nd6 b6 47. Kf2 Ne4+ 48. Ke3 Nxd6 0-1

[Event "FIDE World Blitz-ch Women 2018"]
[Site "St. Petersburg"]
[Date "2018.12.29"]
[Round "9.15"]
[White "Vo, Thi Kim Phung"]
[Black "Danielian, Elina"]
[Result "1-0"]
[WhiteElo "2352"]
[BlackElo "2427"]
[Annotator "NA"]
[PlyCount "85"]
[EventDate "2018.12.19"]
[EventType "swiss"]
[EventCountry "RUS"]
[SourceTitle "playchess.com"]
[Source "ChessBase"]
[SourceQuality "1"]

1. d4 e6 2. c4 b6 3. Nc3 Bb7 4. e4 Bb4 5. Qc2 Nf6 6. Bd3 Nc6 7. Nge2 e5 8. dxe5 Nxe5 9. O-O O-O 10. a3 Bxc3 11. Nxc3 Re8 12. Re1 d6 13. h3 h6 14. Bf4 Nh5 15. Bh2 Qf6 16. Bf1 Nf4 17. Re3 Qg5 18. Rg3 Qf6 19. Re1 Re7 20. Rge3 Rae8 21. g3 Nxh3+ 22. Bxh3 Nf3+ 23. Rxf3 Qxf3 24. Bg2 Qh5 25. Qd1 Qc5 26. Qa4 Bc6 27. Qb4 Qd4 28. Rd1 Qf6 29. Nd5 Bxd5 30. cxd5 a5 31. Qc4 Qxb2 32. a4 Qb4 33. Qc2 f5 34. Bh3 fxe4 35. Be6+ Rxe6 36. dxe6 Rxe6 37. Qxc7 Qxa4 38. Qc8+ Re8 39. Qc1 Qb4 40. Qc6 e3 41. Qxe8+ Kh7 42. Qxe3 a4 43. Qd3+ 1-0

[Event "FIDE World Blitz-ch Women 2018"]
[Site "St. Petersburg"]
[Date "2018.12.29"]
[Round "9.16"]
[White "Mirzoeva, Elmira"]
[Black "Ambartsumova, Karina"]
[Result "1/2-1/2"]
[WhiteElo "2281"]
[BlackElo "2383"]
[Annotator "NA"]
[PlyCount "75"]
[EventDate "2018.12.19"]
[EventType "swiss"]
[EventCountry "RUS"]
[SourceTitle "playchess.com"]
[Source "ChessBase"]
[SourceQuality "1"]

1. d4 Nf6 2. Bf4 d5 3. e3 c5 4. c3 e6 5. Nd2 Nc6 6. Bd3 cxd4 7. exd4 Bd6 8. Bg5 O-O 9. Ngf3 e5 10. dxe5 Nxe5 11. Nxe5 Bxe5 12. Nf3 Bd6 13. O-O Bg4 14. Be2 Be6 15. Nd4 Be7 16. Nxe6 fxe6 17. Bf3 Qb6 18. Qe2 Rae8 19. Rfe1 Bc5 20. Be3 e5 21. b4 Bxe3 22. Qxe3 Qxe3 23. Rxe3 e4 24. Bd1 Rc8 25. Bb3 Rfd8 26. Rd1 Kf7 27. h3 b6 28. Kf1 Ke6 29. Rg3 Rd7 30. Ba4 Rdc7 31. Bb3 g6 32. Rg5 Rd7 33. Rg3 Rdc7 34. Rg5 Rd7 35. Rg3 Rdc7 36. Rg5 Rd7 37. Rg3 Rdc7 38. Rg5 1/2-1/2

[Event "FIDE World Blitz-ch Women 2018"]
[Site "St. Petersburg"]
[Date "2018.12.29"]
[Round "9.17"]
[White "Haussernot, Cecile"]
[Black "Girya, Olga"]
[Result "0-1"]
[WhiteElo "2196"]
[BlackElo "2454"]
[Annotator "ChessBase"]
[PlyCount "82"]
[EventDate "2018.12.19"]
[EventType "swiss"]
[EventCountry "RUS"]
[SourceTitle "playchess.com"]
[Source "ChessBase"]
[SourceQuality "1"]

1. e4 c6 2. d4 d5 3. exd5 cxd5 4. Bd3 Nc6 5. c3 Nf6 6. Bf4 Bg4 7. Qb3 Qd7 8. h3 Bh5 9. Nd2 e6 10. Ngf3 Bd6 11. Ne5 Qc7 12. Bb5 O-O 13. Bxc6 bxc6 14. Ndf3 Bxf3 15. gxf3 Nd7 16. Nxd7 Qxd7 17. Be3 Rab8 18. Qc2 Qe7 19. h4 c5 20. h5 cxd4 21. Bxd4 e5 22. Be3 d4 23. Bd2 e4 24. fxe4 Rxb2 25. Qd3 dxc3 26. Bxc3 Bb4 27. Bxb4 Rxb4 28. f3 Qe5 29. Rc1 Qg3+ 30. Ke2 Rb2+ 31. Kd1 Qg2 32. Re1 Qg5 33. Re2 Rd8 34. Rxb2 Rxd3+ 35. Ke2 Rd8 36. Rbc2 Qxh5 37. Rc8 Qh2+ 38. Kf1 Qh1+ 39. Kf2 Qh2+ 40. Ke3 Qd6 41. R1c6 Qd2# 0-1

[Event "FIDE World Blitz-ch Women 2018"]
[Site "St. Petersburg"]
[Date "2018.12.29"]
[Round "9.18"]
[White "Khotenashvili, Bela"]
[Black "Gevorgyan, Maria"]
[Result "1-0"]
[WhiteElo "2479"]
[BlackElo "2228"]
[Annotator "ChessBase"]
[PlyCount "39"]
[EventDate "2018.12.19"]
[EventType "swiss"]
[EventCountry "RUS"]
[SourceTitle "playchess.com"]
[Source "ChessBase"]
[SourceQuality "1"]

1. d4 d5 2. Bf4 Nf6 3. e3 c5 4. Nf3 Qb6 5. Nc3 Bd7 6. Rb1 c4 7. Ne5 e6 8. g4 Qa5 9. Bg2 Bb4 10. O-O Nc6 11. g5 Ng8 12. Nxd7 Kxd7 13. e4 Nge7 14. exd5 exd5 15. Qg4+ Kd8 16. Ne2 Ng6 17. Bg3 Be7 18. Qf5 Ke8 19. Bxd5 Rf8 20. Bxc6+ 1-0

[Event "FIDE World Blitz-ch Women 2018"]
[Site "St. Petersburg"]
[Date "2018.12.29"]
[Round "9.19"]
[White "Voit, Daria"]
[Black "Lelekova, Olga"]
[Result "1-0"]
[WhiteElo "2358"]
[BlackElo "2261"]
[Annotator "NA"]
[PlyCount "69"]
[EventDate "2018.12.19"]
[EventType "swiss"]
[EventCountry "RUS"]
[SourceTitle "playchess.com"]
[Source "ChessBase"]
[SourceQuality "1"]

1. Nf3 c5 2. e4 Nc6 3. Bb5 d6 4. O-O Bd7 5. Re1 e6 6. c3 Be7 7. d4 cxd4 8. cxd4 Qb6 9. Nc3 a6 10. Ba4 Qa5 11. d5 Nb8 12. dxe6 fxe6 13. Be3 Nf6 14. a3 O-O 15. b4 Qh5 16. Bb3 Ng4 17. Bb6 Nc6 18. h3 Nge5 19. Nxe5 Qxd1 20. Raxd1 Nxe5 21. Bd4 Nc6 22. Be3 Rac8 23. Na4 Nd8 24. Nb6 Rc7 25. e5 d5 26. Bxd5 exd5 27. Nxd5 Rc2 28. Nxe7+ Kf7 29. Rxd7 Ke6 30. Red1 Nf7 31. Rxb7 Nxe5 32. Nd5 Nc4 33. Nf4+ Ke5 34. Rd5+ Ke4 35. Re7+ 1-0

[Event "FIDE World Blitz-ch Women 2018"]
[Site "St. Petersburg"]
[Date "2018.12.29"]
[Round "9.20"]
[White "Dzagnidze, Nana"]
[Black "Maltsevskaya, Aleksandra"]
[Result "1-0"]
[WhiteElo "2513"]
[BlackElo "2243"]
[Annotator "ChessBase"]
[PlyCount "65"]
[EventDate "2018.12.19"]
[EventType "swiss"]
[EventCountry "RUS"]
[SourceTitle "playchess.com"]
[Source "ChessBase"]
[SourceQuality "1"]

1. c4 Nf6 2. Nf3 g6 3. b3 Bg7 4. Bb2 O-O 5. g3 d6 6. d4 Nbd7 7. Bg2 e5 8. O-O exd4 9. Nxd4 a5 10. Nc3 Nc5 11. Qc2 c6 12. Rad1 Qb6 13. e3 a4 14. Rb1 axb3 15. axb3 Ng4 16. Ra1 Bd7 17. Nce2 Ne5 18. Bc3 Ra6 19. b4 Ne6 20. Nb3 Rfa8 21. Ra5 Rxa5 22. bxa5 Qa6 23. Rd1 Qxc4 24. Rxd6 Be8 25. Ned4 Nxd4 26. exd4 Ng4 27. Bf1 Qa4 28. Qb2 Nf6 29. d5 Ne4 30. Bxg7 Nxd6 31. Bh8 Nf5 32. Bd3 f6 33. Bxf5 1-0

[Event "FIDE World Blitz-ch Women 2018"]
[Site "St. Petersburg"]
[Date "2018.12.29"]
[Round "9.21"]
[White "Muzychuk, Anna"]
[Black "Shuvalova, Polina"]
[Result "1-0"]
[WhiteElo "2569"]
[BlackElo "2441"]
[Annotator "ChessBase"]
[PlyCount "69"]
[EventDate "2018.12.19"]
[EventType "swiss"]
[EventCountry "RUS"]
[SourceTitle "playchess.com"]
[Source "ChessBase"]
[SourceQuality "1"]

1. f4 d5 2. Nf3 c5 3. g3 Nc6 4. Bg2 Nf6 5. O-O e6 6. d3 Be7 7. Qe1 O-O 8. e4 b6 9. e5 Nd7 10. c4 Bb7 11. Nc3 d4 12. Ne4 Qc7 13. Bd2 a6 14. h4 Rae8 15. h5 f5 16. exf6 Nxf6 17. Neg5 Bd8 18. h6 Qc8 19. hxg7 Kxg7 20. Bh3 Kh8 21. Nxe6 Rg8 22. Nfg5 Qd7 23. Nxd8 Rxe1 24. Bxd7 Rxf1+ 25. Rxf1 Nxd8 26. Kf2 Rg7 27. Bf5 h6 28. Ne4 Ng4+ 29. Ke2 Ne3 30. Bxe3 dxe3 31. g4 Nc6 32. Kxe3 Nd4 33. Rh1 Nxf5+ 34. gxf5 Kh7 35. Nf6+ 1-0